{"text_format":"1","workbook":"xlsx","n_sheets":3,"sheets":["Formato","Instructivo de Diligenciamiento","Listas"],"not_rendered":{"charts":0,"images":3,"macros":1,"external_links":0,"defined_names":3,"comments":0,"pivot_tables":0},"unopened":[],"bounds":{"document_bytes":16777216,"sheet_cells":100000,"rows_first":2000,"rows_last":500,"rows_between":2000,"halvings":0,"cell_chars":16384,"cell_head_chars":4096},"cells_cut":0,"cells_raw":0,"read":"whole","date_system":"1900"}

{"sheet":"Formato","index":0,"n_rows":76,"n_cols":17,"rows_kept":76,"cut":false,"hidden":false,"merged":[[62,2,62,3],[62,8,62,9],[62,10,62,11],[62,16,62,17],[60,2,60,3],[60,8,60,9],[60,10,60,11],[60,16,60,17],[61,2,61,3],[61,8,61,9],[61,10,61,11],[61,16,61,17],[58,2,58,3],[58,8,58,9],[58,10,58,11],[58,16,58,17],[59,2,59,3],[59,8,59,9],[59,10,59,11],[59,16,59,17],[56,2,56,3],[56,8,56,9],[56,10,56,11],[56,16,56,17],[57,2,57,3],[57,8,57,9],[57,10,57,11],[57,16,57,17],[54,2,54,3],[54,8,54,9],[54,10,54,11],[54,16,54,17],[55,2,55,3],[55,8,55,9],[55,10,55,11],[55,16,55,17],[52,2,52,3],[52,8,52,9],[52,10,52,11],[52,16,52,17],[53,2,53,3],[53,8,53,9],[53,10,53,11],[53,16,53,17],[50,2,50,3],[50,8,50,9],[50,10,50,11],[50,16,50,17],[51,2,51,3],[51,8,51,9],[51,10,51,11],[51,16,51,17],[48,2,48,3],[48,8,48,9],[48,10,48,11],[48,16,48,17],[49,2,49,3],[49,8,49,9],[49,10,49,11],[49,16,49,17],[47,2,47,3],[47,8,47,9],[47,10,47,11],[47,16,47,17],[44,2,44,3],[44,8,44,9],[44,10,44,11],[44,16,44,17],[45,2,45,3],[45,8,45,9],[45,10,45,11],[45,16,45,17],[40,8,40,9],[40,10,40,11],[40,16,40,17],[41,2,41,3],[41,8,41,9],[41,10,41,11],[41,16,41,17],[46,2,46,3],[46,8,46,9],[46,10,46,11],[46,16,46,17],[39,10,39,11],[37,10,37,17],[35,0,35,17],[75,0,76,0],[75,1,76,2],[39,16,39,17],[73,6,73,8],[72,1,72,3],[67,1,67,3],[70,1,70,3],[70,6,70,8],[72,6,72,8],[37,0,38,0],[38,8,38,9],[38,2,38,3],[42,2,42,3],[42,8,42,9],[42,10,42,11],[42,16,42,17],[43,2,43,3],[43,8,43,9],[43,10,43,11],[43,16,43,17],[40,2,40,3],[75,13,76,14],[17,1,17,13],[73,4,73,5],[69,10,70,12],[71,10,72,12],[73,10,74,12],[75,10,76,12],[69,13,70,14],[71,13,72,14],[73,13,74,14],[39,2,39,3],[39,8,39,9],[29,11,29,13],[73,1,73,3],[37,1,37,9],[29,1,29,2],[29,4,29,5],[29,9,29,10],[31,1,31,2],[31,4,31,5],[31,9,31,10],[31,6,31,8],[27,9,27,10],[38,10,38,11],[38,16,38,17],[27,11,27,13],[29,6,29,8],[15,3,15,7],[21,1,21,13],[7,3,7,9],[9,1,9,2],[9,3,9,7],[7,12,7,13],[23,1,23,2],[23,4,23,8],[19,1,19,13],[27,1,27,2],[27,4,27,5],[27,6,27,8],[31,11,31,13],[1,1,1,13],[7,1,7,2],[11,1,11,2],[23,9,23,13],[25,1,25,2],[25,4,25,5],[25,6,25,8],[25,9,25,10],[25,11,25,13],[11,3,11,9],[9,10,9,11],[9,12,9,13],[2,1,2,13],[13,1,13,13],[15,1,15,2],[4,1,5,3],[4,10,5,11],[4,7,5,9],[4,4,5,5]]}
[]
[null,"FORMATO PARA MODIFICACIÓN DE ÓRDENES DE COMPRA"]
[null,"Tienda Virtual del Estado Colombiano"]
[]
[null,"Número de Orden de Compra a modificar:",null,null,1429,null,null,"Número de modificación de la Orden de Compra:",null,null,1]
[]
[]
[null,"Entidad Compradora:",null,"AGENCIA COLOMBIANA PARA LA REINTEGRACIÓN DE PERSONAS Y GRUPOS ALZADOS EN ARMAS",null,null,null,null,null,null,null,"NIT:","900,477,169-8"]
[]
[null,"Nombre del solicitante:",null,"ZAMANDHA AURORA GELVEZ",null,null,null,null,null,null,"Teléfono de contacto:",null,5932211]
[]
[null,"Proveedor :",null,"EMTELCO"]
[]
[null,"Tipo "]
[]
[null,"Tipo",null,"Modificación de la Orden de Compra"]
[]
[null,"Justificación de la modificación o de las acciones a realizar"]
[]
[null,"El contrato de centro de contacto resulta indispensable para dar continuidad al servicio de brindar respuesta oportuna y eficiente a las personas en proceso de reintegración, a sus familias y a la comunidad en general. Este canal de atención telefónica dar información general de la Agencia Colombiana para la Reintegración ACR, los servicios y beneficios que reciben las personas en proceso de reintegración, trámites y consultas de PQRS-D, inquietudes sobre desembolsos de apoyo  a la reintegración, orientación sobre trámites y proceso internos para acceder a los servicios y beneficios, y el manejo de casos que involucran la seguridad de las personas en proceso de reintegración. Teniendo en cuenta que se requiere que el servicio de call center debe ser ininterrumpido, así como la gestión de los trámites de registro, se requiere que la validación hecha por CCE se efectúe antes del 31 de diciembre."]
[]
[null,"Modificación información general"]
[]
[null,"Nombre del campo",null,"¿Requiere modificación Si/No?","Datos actuales",null,null,null,null,"Nuevos datos"]
[]
[null,"Actualizar supervisor",null,"NO","Nombre del supervisor actual",null,null,null,null,"Nombre nuevo supervisor"]
[]
[null,"Fecha de vencimiento",null,"Ampliar fecha","Fecha vencimiento actual",null,"2015-12-31",null,null,"Nueva fecha de vencimiento",null,"2016-04-30"]
[]
[null,"Dirección y/o teléfono",null,"NO","Dirección / teléfono actual",null,null,null,null,"Nueva dirección / teléfono"]
[]
[null,"Gravámenes adicionales",null,"NO","Gravamen(es) actual",null,null,null,null,"Nuevo(s) gravamen(es)"]
[]
[]
[]
["Modificación de artículos y servicios"]
[]
["Tipo de modificación","Información actual",null,null,null,null,null,null,null,null,"Nueva información"]
[null,"Número de la línea según O.C.","Nombre del artículo",null,"Cantidad","Unidad de medida","Precio unitario","Total","Información presupuestal",null,"Nombre del artículo",null,"Cantidad","Unidad de medida","Precio unitario","Total","Información presupuestal"]
["Modificación de artículo o servicio",1,"54-Agente con puesto de trabajo -Agente General _Mes_Baja-Oro- 6 Und",null,10,"Mes",16416803,{"$f":"E40*G40","v":164168030},10215,null,{"$f":"C40","v":"54-Agente con puesto de trabajo -Agente General _Mes_Baja-Oro- 6 Und"},null,4,"mes",16416803,{"$f":"M40*O40","v":65667212},"10215/ VF Rad.2-2015-027996"]
["Modificación de artículo o servicio",2,"84-Agente con puesto de trabajo - Agente Profesional _Mes_Alta-Oro-2Und 10",null,10,"Mes",9468011,94680110,10215,null,"84-Agente con puesto de trabajo - Agente Profesional _Mes_Alta-Oro-2Und 10",null,4,"Mes",9468011,37872044,"10215/ VF Rad.2-2015-027996"]
["Modificación de artículo o servicio",3,"1302-IVR Transaccional -_-Oro-20000 Minuto",null,10,"Mes",965838,9658380,10215,null,"1302-IVR Transaccional -_-Oro-20000 Minuto",null,4,"Mes",965838,3863352,"10215/ VF Rad.2-2015-027996"]
["Modificación de artículo o servicio",4,"1218- Minuto Llamada Bogotá Outbound-_-Oro- 1000 Minuto",null,10,"Mes",60668,606680,10215,null,"1218- Minuto Llamada Bogotá Outbound-_-Oro- 1000 Minuto",null,4,"Mes",60668,242672,"10215/ VF Rad.2-2015-027996"]
["Modificación de artículo o servicio",5,"1220-Minuto larga distancia nacional  Outbound-_-Oro-500 minuto",null,10,"Mes",33579,335790,10215,null,"1220-Minuto larga distancia nacional  Outbound-_-Oro-500 minuto",null,4,"Mes",33579,134316,"10215/ VF Rad.2-2015-027996"]
["Modificación de artículo o servicio",6,"1225- Minuto a celular Outbound-Claro-_-Oro-8000 Minuto",null,10,"Mes",447180,4471800,10215,null,"1225- Minuto a celular Outbound-Claro-_-Oro-8000 Minuto",null,4,"Mes",447180,1788720,"10215/ VF Rad.2-2015-027996"]
["Modificación de artículo o servicio",7,"1226- Minuto a celular Outbound-Movistar-_-Oro-2000 Minuto",null,10,"Mes",111795,1117950,10215,null,"1226- Minuto a celular Outbound-Movistar-_-Oro-2000 Minuto",null,4,"Mes",111795,447180,"10215/ VF Rad.2-2015-027996"]
["Modificación de artículo o servicio",8,"1227- Minuto a celular outbound - tigo-_-Oro-2000 Minuto",null,10,"Mes",111795,1117950,10215,null,"1227- Minuto a celular outbound - tigo-_-Oro-2000 Minuto",null,4,"Mes",111795,447180,"10215/ VF Rad.2-2015-027996"]
["Modificación de artículo o servicio",9,"1228-Minuto a celular Outbound-Otros Operadores-_-Oro-3000 Minuto",null,10,"Mes",167693,1676930,10215,null,"1228-Minuto a celular Outbound-Otros Operadores-_-Oro-3000 Minuto",null,4,"Mes",167693,670772,"10215/ VF Rad.2-2015-027996"]
["Agregar nuevo artículo o servicio","No aplica","No aplica",null,"No aplica","No aplica","No aplica",0,"No aplica",null,"1313-Mensaje SMS-Claro -_-Oro -17000 Mensaje SMS",null,4,"Mes",933300,3733200,"10215/ VF Rad.2-2015-027996"]
["Modificación de artículo o servicio",11,"1314-Mensaje SMS-Movistar-_-Oro-5000 Mensaje SMS",null,10,"Mes",274737,{"$f":"E50*G50","v":2747370},10215,null,{"$f":"C50","v":"1314-Mensaje SMS-Movistar-_-Oro-5000 Mensaje SMS"},null,4,"Mes",274500,1098000,"10215/ VF Rad.2-2015-027996"]
["Modificación de artículo o servicio",12,"1315- Mensaje SMS-Tigo-_-Oro-3000 Mensajes SMS",null,10,"Mes",164842,1648420,10215,null,"1315- Mensaje SMS-Tigo-_-Oro-3000 Mensajes SMS",null,4,"Mes",164700,658800,"10215/ VF Rad.2-2015-027996"]
["Modificación de artículo o servicio",13,"1228- Minuto a celular Outbound- Otros Operadores-_-Oro 3000 Minuto",null,10,"Mes",167693,1676930,10215,null,"1228- Minuto a celular Outbound- Otros Operadores-_-Oro 3000 Minuto",null,4,"Mes",167693,670772,"10215/ VF Rad.2-2015-027996"]
["Modificación de artículo o servicio",14,"1300-Minuto IVR Audiotexto -_-Oro-1000 Minuto ",null,10,"Mes",15813,158130,10215,null,"1300-Minuto IVR Audiotexto -_-Oro-1000 Minuto ",null,4,"Mes",15813,63252,"10215/ VF Rad.2-2015-027996"]
["Modificación de artículo o servicio",15,"1496-Virtual Hold-_-Oro-500 Por transacciión (EntiendaseTransacción como recepción de los datos y llamadas o SMS al ciudadano)",null,10,"Mes",418629,4186290,10215,null,"1496-Virtual Hold-_-Oro-500 Por transacciión (EntiendaseTransacción como recepción de los datos y llamadas o SMS al ciudadano)",null,4,"Mes",418629,1674516,"10215/ VF Rad.2-2015-027996"]
["Modificación de artículo o servicio",16,"1232- Transferencia chat -_-Oro-200 Transferencia realizada ",null,10,"Mes",1624,16240,10215,null,"1232- Transferencia chat -_-Oro-200 Transferencia realizada ",null,4,"Mes",1624,6496,"10215/ VF Rad.2-2015-027996"]
["Eliminar artículo o servicio",17,"1320-Canal dedicado a otro centro de contacto o Entidad compradora -_-Oro-1 Und",null,10,"Mes",1503822,15038220,10215,null,"No aplica",null,"No aplica","No aplica","No aplica",0,"No aplica"]
["Modificación de artículo o servicio",18,"1230-Transferencia de llamadas -_-Oro-500 Transferencia realizada",null,10,"Mes",4519,45190,10215,null,{"$f":"C57","v":"1230-Transferencia de llamadas -_-Oro-500 Transferencia realizada"},null,4,"Mes",4519,{"$f":"M57*O57","v":18076},"10215/ VF Rad.2-2015-027996"]
["Modificación de artículo o servicio",19,"1326- Servicio Adicional de Entrenamiento hasta 4 horas -_-Oro-2 Entrenamiento por agente ",null,5,"Mes",200710,1003550,10215,null,{"$f":"C58","v":"1326- Servicio Adicional de Entrenamiento hasta 4 horas -_-Oro-2 Entrenamiento por agente "},null,2,"Mes",200710,401420,"10215/ VF Rad.2-2015-027996"]
["Modificación de artículo o servicio",20,"1308- Grabación anuncios IVR -_-Oro-5 Anuncio para IVR ",null,10,"Mes",23396,233960,10215,null,{"$f":"C59","v":"1308- Grabación anuncios IVR -_-Oro-5 Anuncio para IVR "},null,4,"Mes",23396,93584,"10215/ VF Rad.2-2015-027996"]
["Agregar nuevo artículo o servicio","No aplica","No aplica",null,"No aplica","No aplica","No aplica",0,"No aplica",null,"1306-Hora desarrollo (IVR Transaccional  u otros -_-Oro-40 hora",null,4,"Mes",40286,161144,"10215/ VF Rad.2-2015-027996"]
["Modificación de artículo o servicio",22,"1494- Servicio SMS como CHAT -_-Oro -100 Mensaje SMS",null,10,"Mes",9479,{"$f":"E61*G61","v":94790},10215,null,{"$f":"C61","v":"1494- Servicio SMS como CHAT -_-Oro -100 Mensaje SMS"},null,4,"Mes",9479,37916,"10215/ VF Rad.2-2015-027996"]
["Modificación de artículo o servicio",23,"1489-redirección de llamadas o contactos por diversos canales a otro centros de contacto .-_-Oro-200 Por transacción ",null,10,"Mes",7888,{"$f":"E62*G62","v":78880},10215,null,{"$f":"C62","v":"1489-redirección de llamadas o contactos por diversos canales a otro centros de contacto .-_-Oro-200 Por transacción "},null,4,"Mes",7888,31552,"10215/ VF Rad.2-2015-027996"]
["Modificación de artículo o servicio",24,"49- Agente con puesto de trabajo -Agente General _Hora Normal_Baja-Oro-80 hora",null,10,"Mes",1369914,{"$f":"E63*G63","v":13699140},10215,null,{"$f":"C63","v":"49- Agente con puesto de trabajo -Agente General _Hora Normal_Baja-Oro-80 hora"},null,4,"Mes",1369914,5479656,"10215/ VF Rad.2-2015-027996"]
[]
[null,null,null,null,null,null,"TOTAL",{"$f":"SUM(H40:H63)","v":318460730},null,null,null,null,null,null,"TOTAL",{"$f":"SUM(P40:P63)","v":125261832}]
[]
[]
[]
[]
[null,null,null,null,null,null,null,null,null,null,"Valor total del IVA en la Orden de Compra:",null,null,69708940.799999997]
[null,"Firma ordenador del gasto",null,null,null,null,"Firma de Proveedor"]
[null,null,null,null,null,null,null,null,null,null,"Valor total del AIU en la Orden de Compra:"]
["Nombre:",null,null,null,null,"Nombre:"]
["Documento de Identidad:",null,null,null,"Documento de Identidad:",null,null,null,null,null,"Valor total gravámenes adicionales en la Orden de Compra:"]
[]
["Fecha Elaboracion:","2015-12-18",null,null,null,null,null,null,null,null,"Valor total de la Orden de Compra:",null,null,435680880]

{"sheet":"Instructivo de Diligenciamiento","index":1,"n_rows":7,"n_cols":2,"rows_kept":7,"cut":false,"hidden":false,"merged":[[6,1,77,10]]}
[]
[]
[]
[]
[]
[]
[null,"Instrucciones de diligenciamiento:\n\nColombia Compra Eficiente ha diseñado este formato para que las Entidades Compradoras puedan realizar aclaraciones, modificaciones,  cancelaciones o liquidaciones  de las Órdenes de Compra que estén en ejecución y vigentes. Para ello debe indicar:\n \n1. Datos generales: Datos básicos como número de la Orden de Compra que requiere cambiar, número consecutivo de solicitud tenga en cuenta que la primera solicitud corresponderá a la número “1”, nombre de la Entidad Compradora, nombre de la persona que solicita las acciones, NIT de la Entidad Compradora y el nombre del Proveedor que ejecuta la Orden de Compra.\n\n2. Tipo: Las Entidades pueden solicitar cuatro tipos de acciones respecto de las Órdenes de Compra:\n\n(i) Aclaraciones: Son las indicaciones de cambio de información que no afectan el plazo, el valor o las condiciones contractuales de las Órdenes de Compra como: redacción en las condiciones de entrega, errores de digitación  o rectificación de la fecha de vencimiento. Estas aclaraciones no requieren de la aceptación del Proveedor. Sin embargo una vez realizada la aclaración en la Orden de Compra, la Entidad Compradora debe notificarle al Proveedor el cambio. \n\n(ii) Modificaciones: Son indicaciones de cambio en aumento o disminución de valor o plazo,  aumento o disminución de los bienes o servicios solicitados, cambios en las condiciones de ejecución o datos que afecten la ejecución de la Orden de Compra. Solo en los casos de cambio de supervisor y datos de notificación como dirección o teléfono se puede omitir la firma del Proveedor. Sin embargo una vez realizada la modificación, la Entidad Compradora debe notificarle al Proveedor el cambio.\n\n(iii) Cancelación: Es la manifestación de la Entidad de no ejecutar la totalidad de la Orden de Compra la cual también debe ser aceptada por el Proveedor.\n\n(iv) Liquidación: Es el ajuste formal y definitivo de las obligaciones derivadas de la Orden de Compra para establecer las acreencias pendientes a favor o en contra de cada parte de la Orden de Compra, así como para aclarar la ejecución de la misma. Se efectúa, cuando aplique, dentro de los términos establecidos en cada Acuerdo Marco de Precios. Se requiere la solicitud por parte de la Entidad Compradora firmada por el Ordenador del Gasto y el representante legal del Proveedor, así como el informe del supervisor de la Orden de Compra. \n\n3. Justificación: Las razones de la realización del cambio o la cancelación de la Orden de Compra.\n\n4. Especificar las modificaciones solicitadas a la información general de la Orden de Compra o la modificación detallada de los bienes y servicios así:\n\n(i) Modificación de información general: Modificaciones a: (a) nombre del supervisor; (b) fecha de vencimiento de la Orden de Compra; (c) dirección y/o teléfono de la Entidad Compradora; o (d) Gravámenes adicionales (estampillas), en todos los campos debe diligenciar la información actual  en la Orden de Compra y los nueva información.\n\n(ii) Modificación de los artículos y/o servicios: \n\n(a) Modificaciones a los artículos o servicios: Adicionar o disminuir en cantidades un producto que fue adquirido en la Orden de Compra inicial. La Entidad debe identificar en los campos de “información actual”: (i) el número de la línea del artículo que lo puede consultar en la Orden de Compra (ii) el artículo adquirido inicialmente; (iii) las unidades de medida; (iv) las cantidades adquiridas; (v) los precios de la compra; y (vi) la información presupuestal. Para modificar o agregar nuevos artículos la Entidad Compradora debe identificar en el campo “nueva información”: (i) la cantidad final requerida; (ii) unidad de medida; (iii) precio unitario acordado previamente con el Proveedor el cual debe respetar lo dispuesto en el contrato correspondiente (precio techo, precio piso, etc.) y (iv) la información presupuestal que respalda el cambio o la inclusión.\n\n(b) Agregar nuevos artículos o servicios: Ingresar nuevos artículos que no se tenían contemplados en la Orden de Compra inicial. La Entidad Compradora debe previamente solicitarle al Proveedor el precio del artículo, el cual debe respetar lo dispuesto en el contrato correspondiente (precio techo, precio piso, etc.) y la Entidad Compradora lo debe indicar en el formato en el campo “nueva información”.\n\n(c) Eliminar artículos o servicios: Descartar artículos que la Entidad Compradora determine que no va a requerir durante la ejecución de la Orden de Compra. Para eliminar artículos la Entidad debe identificar en los campos de “información actual”: (i) el número de la línea del artículo que lo puede consultar en la Orden de Compra (ii) el artículo adquirido inicialmente; (iii) las unidades de medida; (iv) las cantidades adquiridas; (v) los precios de la compra; y (vi) la información presupuestal.\n\nEn esta sección la Entidad Compradora puede agregar tantas filas como artículos requiera modificar haciendo clic en el botón de Agregar registro o Eliminar registro.\n\n5. Consolidado de valores: Indicar en el recuadro el valor total del IVA, AUI, gravámenes adicionales y total de la Orden de Compra, estos campos serán los valores finales que quedarán en la Orden de Compra después de la modificación, tenga en cuenta que el campo de IVA no aplica para los AMP de papelería, vehículos y SOAT y que el campo de AIU solo aplica para aseo y cafetería.\n\n6. Firmas del documento: El ordenador del gasto de la Entidad Compradora debe firmar el documento y enviarlo al Proveedor para que lo acepte y firme, en caso de que así se requiera. El documento firmado debe ser enviado a través del aplicativo dispuesto por   Colombia Compra Eficiente para realizar las acciones solicitadas.\n\n7. Fecha de elaboración del documento: Corresponde a la fecha en la que la Entidad Compradora y el Proveedor llegaron a un acuerdo para realizar las acciones y se suscribe el documento, recuerde que para poder realizar modificaciones en las Órdenes de Compra las mismas se deben acordar dentro de la vigencia de la Orden de Compra. \n\nSi la Entidad Compradora requiere agregar archivos que estén relacionados con las acciones a realizar como: copia del CDP y/o aprobación de Vigencia Futura (VF) que soporta la adición, soportes documentales, correos, cartas, etc... debe publicarlos junto con el documento de solicitud de modificación suscrito en un único archivo Pdf, tenga en cuenta que Colombia Compra Eficiente únicamente realizara las modificaciones especificadas en el formato enviado por el aplicativo.\n"]

{"sheet":"Listas","index":2,"n_rows":5,"n_cols":3,"rows_kept":5,"cut":false,"hidden":true,"merged":[]}
["TipoDeModificacion",null,"Modificacion"]
["Modificación de la Orden de Compra",null,"Modificación de artículo o servicio"]
["Aclaración a la Orden de Compra",null,"Agregar nuevo artículo o servicio"]
["Cancelación de la Orden de Compra",null,"Eliminar artículo o servicio"]
["Liquidación de la Orden de Compra",null,"Ninguna"]